Kandinsky : (Record no. 10794)

MARC details
000 -CABECERA
campo de control de longitud fija 03014nam a22004937a 4500
001 - NÚMERO DE CONTROL
campo de control BRCA_9175
003 - IDENTIFICADOR DEL NÚMERO DE CONTROL
campo de control FranzMayer
005 - FECHA Y HORA DE LA ÚLTIMA TRANSACCIÓN
campo de control 20220809131913.0
008 - DATOS DE LONGITUD FIJA--INFORMACIÓN GENERAL
campo de control de longitud fija 190228s2018 mx a b f000 0 spa
010 ## - NÚMERO DE CONTROL DE LA BIBLIOTECA DEL CONGRESO
Número de control de LC 2019387502
020 ## - NÚMERO INTERNACIONAL ESTÁNDAR DEL LIBRO
Número Internacional Estándar del Libro 9786076055601
040 ## - FUENTE DE LA CATALOGACIÓN
Centro catalogador/agencia de origen DLC
Lengua de catalogación spa
Normas de descripción rda
Centro/agencia transcriptor DLC
041 ## - CÓDIGO DE LENGUA
Código de lengua del texto/banda sonora o título independiente spa
050 00 - SIGNATURA TOPOGRÁFICA DE LA BIBLIOTECA DEL CONGRESO
Número de clasificación ND699.K3
Número de documento/Ítem K352 2018
245 00 - MENCIÓN DE TÍTULO
Título Kandinsky :
Resto del título pequeños mundos.
246 30 - FORMA VARIANTE DE TÍTULO
Título propio/Titulo breve Pequeños mundos
250 ## - MENCIÓN DE EDICIÓN
Mención de edición Primera edición.
264 #1 - PRODUCCIÓN, PUBLICACIÓN, DISTRIBUCIÓN, FABRICACIÓN Y COPYRIGHT
Producción, publicación, distribución, fabricación y copyright Ciudad de México :
Nombre del de productor, editor, distribuidor, fabricante Instituto Nacional de Bellas Artes,
Fecha de producción, publicación, distribución, fabricación o copyright 2018.
264 #4 - PRODUCCIÓN, PUBLICACIÓN, DISTRIBUCIÓN, FABRICACIÓN Y COPYRIGHT
Fecha de producción, publicación, distribución, fabricación o copyright ©2018
300 ## - DESCRIPCIÓN FÍSICA
Extensión 290 páginas :
Otras características físicas ilustraciones a color y b/n, imágenes fotográficas ;
Dimensiones 25 cm
336 ## - TIPO DE CONTENIDO
Término de tipo de contenido text
Código de tipo de contenido txt
Fuente rdacontent
337 ## - TIPO DE MEDIO
Código del tipo de medio n
Fuente rdamedia
338 ## - TIPO DE SOPORTE
Fuente rdacarrier
500 ## - NOTA GENERAL
Nota general Ubicación: L59-N5
500 ## - NOTA GENERAL
Nota general Publicado con motivo de la exposición celebrada en el Museo del Palacio de Bellas Artes, [31 de octubre de 2018-21 de enero de 2019].
504 ## - NOTA DE BIBLIOGRAFÍA, ETC.
Nota de bibliografía, etc. Incluye referencias bibliográficas e índice
505 0# - NOTA DE CONTENIDO CON FORMATO
Título Impresiones, improvisaciones, composiciones /
Mención de responsabilidad Natalia Avtonomova
505 0# - NOTA DE CONTENIDO CON FORMATO
Título Kandinsky. Pintura abstracta, transgresión de límites /
Mención de responsabilidad Jorge Juanes
505 0# - NOTA DE CONTENIDO CON FORMATO
Título Kandinsky y el arte popular ruso. Su viaje iniciatico por Vologda /
Mención de responsabilidad Silvia Burini
505 0# - NOTA DE CONTENIDO CON FORMATO
Título El cosmos de color de Kandinsky. Tecnología artística de los años 1896 a 1914 /
Mención de responsabilidad Iris Winkelmeyer
505 0# - NOTA DE CONTENIDO CON FORMATO
Título "Cambiar instrumentos". La abstracción musical en la labor docente de Kandinsky en la Bauhaus /
Mención de responsabilidad Nancy Perloff
505 0# - NOTA DE CONTENIDO CON FORMATO
Título Los años en París, 1934-1944 /
Mención de responsabilidad Vivian Endicott Barnett
505 0# - NOTA DE CONTENIDO CON FORMATO
Título El apocalipsis y la antigua Rusia: Kandinsky y Rachmaninoff /
Mención de responsabilidad Peter Vergo
520 ## - SUMARIO, ETC.
Sumario, etc. La primera exposición individual en México de uno de los máximos exponentes del abstraccionismo, el artista ruso Vasili Kandinsky. La exposición indaga en la evolución de uno de los artistas más emblemáticos del siglo XX que acabaría siendo apodado “Padre de la Abstracción”, descubre sus controvertidos planteamientos plásticos que hoy siguen generando debates sobre la naturaleza del arte. La exposición incluyó aproximaciones musicales al arte cinestésico de Kandinsky con algunos compositores contemporáneos del artista, como Wagner, Rachmaninoff y Schöenberg. Incluye obras de las colecciones de The State Tretyakov Gallery, The Pushkin State Museum of Fine Arts, Centre Georges Pompidou de París, The Solomon R. Guggenheim, Metropolitan Museum of Art de Nueva York y Los Angeles County Museum of Art, entre otros.
600 10 - PUNTO DE ACCESO ADICIONAL DE MATERIA--NOMBRE DE PERSONA
Nombre de persona Kandinsky, Wassily,
Fechas asociadas al nombre 1866-1944
Subdivisión general Crítica e interpretación
9 (RLIN) 28370
600 10 - PUNTO DE ACCESO ADICIONAL DE MATERIA--NOMBRE DE PERSONA
Nombre de persona Kandinsky, Wassily,
Fechas asociadas al nombre 1866-1944
Subdivisión de forma Exhibiciones
9 (RLIN) 28371
650 #0 - PUNTO DE ACCESO ADICIONAL DE MATERIA--TÉRMINO DE MATERIA
Término de materia o nombre geográfico como elemento de entrada Pintura, Abstracta.
9 (RLIN) 28372
650 #0 - PUNTO DE ACCESO ADICIONAL DE MATERIA--TÉRMINO DE MATERIA
Término de materia o nombre geográfico como elemento de entrada Arte Ruso
Subdivisión cronológica Siglo XX
9 (RLIN) 28373
650 #0 - PUNTO DE ACCESO ADICIONAL DE MATERIA--TÉRMINO DE MATERIA
Término de materia o nombre geográfico como elemento de entrada Pintores
Subdivisión geográfica Rusia (Federación)
Subdivisión cronológica Siglo XX
Subdivisión de forma Biografía.
9 (RLIN) 28374
700 12 - PUNTO DE ACCESO ADICIONAL--NOMBRE DE PERSONA
Nombre de persona Kandinsky, Wassily,
Fechas asociadas al nombre 1866-1944.
9 (RLIN) 28375
710 2# - PUNTO DE ACCESO ADICIONAL--NOMBRE DE ENTIDAD CORPORATIVA
Nombre de entidad corporativa o nombre de jurisdicción como elemento de entrada Museo del Palacio de Bellas Artes (Mexico),
9 (RLIN) 28376
942 ## - ELEMENTOS DE PUNTO DE ACCESO ADICIONAL (KOHA)
Fuente del sistema de clasificación o colocación Library of Congress Classification
Tipo de ítem Koha Libros
Holdings
Estado de retiro Estado de pérdida Fuente del sistema de clasificación o colocación Estado dañado No para préstamo Localización permanente Ubicación/localización actual Fecha de adquisición Total de préstamos Signatura topográfica completa Código de barras Fecha visto por última vez Número de copia Precio válido a partir de Tipo de ítem Koha
El ejemplar forma parte de la colección y puede ser consultado según las políticas vigentes.   Library of Congress Classification     Biblioteca del Museo Franz Mayer (Rogerio Casas-Alatriste) Biblioteca del Museo Franz Mayer (Rogerio Casas-Alatriste) 28/06/2022   ND699.K3 K352 2018 CONT9947 28/06/2022 1 28/06/2022 Libros